Jedi High Council Quiz - Statistics

General Stats
  • This quiz has been taken 59 times
  • The average score is 9 of 12
Answer Stats
Hint Answer % Correct
is able to tap into the Dark Side during combat without falling into it; Master of the Order Mace Windu
100%
extremely wise, elderly, and green jedi master; Grand Master Yoda
100%
defeats both Darth Maul and General Grievous in single combat Obi-Wan Kenobi
94%
slayer of Count Dooku, Darth Sideous, and multiple members of this list Anakin Skywalker
90%
jedi master with a large conical head Ki-Adi-Mundi
90%
survives single combat with General Grievous; is slain by Darth Sidious Kit Fisto
88%
general of the Wolfpack (104th legion) Plo Koon
82%
assists in the training of clone troopers on Kamino Shaak Ti
66%
exceptional starpilot; is killed by Darth Sideous SaeSee Tiin
50%
replacement of Eeth Koth; is killed by Darth Sideous Agen Kolar
46%
cousin and replacement of Adi Gallia; is killed by her own troops on a speeder Stass Allie
40%
very obscure Ongree member of the council; is believed to have survived Order 66 Coleman Kcaj
34%
No matching quizzes found
Score Distribution
Percent of People with Each Score
Percentile by Number Answered
Your Score History
You have not taken this quiz